000 01187nam0a2200325 4500
001 RU\NLR\b_ik\200378
005 20250613195023.0
010 _a5-7522-0075-X
_93000
035 _a(NLR Aleph) 009996220
090 _a9763464
_c9763464
100 _a20130319d1998 |||y0rusy50 ca
101 0 _aeng
_drus
102 _aRU
105 _aa |||||||||
200 1 _aThe Russians' daily bread
_fLarissa Petrova
210 _aPskov
_cПОИПКРО
_d1998
215 _a354 с.
_cил.
_d20
300 _aВ вып. дан.: Культура русского быта / Петрова Лариса Ивановна
300 _aРез. на рус. яз.
320 _aБиблиогр.: с. 351-354 (56 назв.)
517 0 _aКультура русского быта
541 0 _aРусский хлеб насущный
_zrus
606 1 _aАнглийский язык
_jКниги для чтения
_9972309
_3RU\NLR\auth\6646032
686 _aШ143.21-93рус
_bД890(2)
700 1 _aPetrova
_bL. I.
_f1940-
_gLarisa Ivanovna
_4070
801 0 _aRU
_bNLR
_c20130319
_gRCR
801 1 _aRU
_bNLR
_c20130319
942 _cBOOK
980 _aNB